Normal view MARC view
  • Esposito, John L.

Entry Personal Name

Number of records used in: 3

001 - CONTROL NUMBER

  • control field: 38535

003 - CONTROL NUMBER IDENTIFIER

  • control field: OSt

005 - DATE AND TIME OF LATEST TRANSACTION

  • control field: 20151021122815.0

008 - FIXED-LENGTH DATA ELEMENTS

  • fixed length control field: 151021|| aca||aabn | a|a d

040 ## - CATALOGING SOURCE

  • Original cataloging agency: OSt

100 1# - HEADING--PERSONAL NAME

  • Personal name: Esposito, John L.

400 1# - SEE FROM TRACING--PERSONAL NAME

  • Personal name: Isbūzītū, Jūn

400 1# - SEE FROM TRACING--PERSONAL NAME

  • Personal name: إسبوزيتو، جون